000 00618nam a2200229Ia 4500
003 OSt
005 20221006164628.0
006 a|||||r|||| 00| 0
007 ta
008 221006b |||||||| |||| 00| 0 eng d
024 _a86
037 _cTextual
040 _aFML
_cFML
_beng
041 _2eng
_aeng
082 _aNRyv1'N, J9
100 _aBlandford F H Ed.
_9677939
245 0 _aMusical instrument . Tr by Miall Bernard.
260 _aNew York
_bOxford University Press
_c1959
300 _a340
_ccm.
942 _hNRyv1'N, J9
_cTEXL
_2CC
999 _c1117902
_d1117902